000 00385nam a2200109Ia 4500
008 171211s9999 xx 000 0 und d
245 _aTheoretical Approaches to Disharmonic Word Order
245 _cMichelle Sheehan and Theresa Biberauer
260 _c2014
650 _xLANGUAGES
856 _uhttp://down.ebook777.com/025/Theoretical%20Approaches%20to%20Disharmonic%20Word%20Order.pdf
999 _c349746
_d349746